Tạp chí Phát triển kinh tế
Tạp chí Phát triển Kinh tế đổi tên thành tạp chí Nghiên cứu kinh tế và kinh doanh Châu Á từ tháng 1/2018
Sparad:
| Huvudupphovsman: | |
|---|---|
| Materialtyp: | Bok |
| Språk: | Undetermined |
| Publicerad: |
Thành phố Hồ Chí Minh
|
| Ämnen: | |
| Länkar: | http://lrc.tdmu.edu.vn/opac/search/detail.asp?aID=2&ID=25317 |
| Taggar: |
Lägg till en tagg
Inga taggar, Lägg till första taggen!
|
| Thư viện lưu trữ: | Trung tâm Học liệu Trường Đại học Thủ Dầu Một |
|---|
| LEADER | 00809nam a2200157Ia 4500 | ||
|---|---|---|---|
| 001 | TDMU_25317 | ||
| 008 | 210410s9999 xx 000 0 und d | ||
| 082 | |a NULL | ||
| 100 | |a Trường Đại học Kinh tế Thành phố Hồ Chí Minh | ||
| 245 | 0 | |a Tạp chí Phát triển kinh tế | |
| 260 | |a Thành phố Hồ Chí Minh | ||
| 300 | |a 128tr | ||
| 520 | |a Tạp chí Phát triển Kinh tế đổi tên thành tạp chí Nghiên cứu kinh tế và kinh doanh Châu Á từ tháng 1/2018 | ||
| 650 | |a Phát triển kinh tế; Trường Đại học Kinh tế Thành phố Hồ Chí Minh; Kinh tế | ||
| 856 | |u http://lrc.tdmu.edu.vn/opac/search/detail.asp?aID=2&ID=25317 | ||
| 980 | |a Trung tâm Học liệu Trường Đại học Thủ Dầu Một | ||